Clasificación LaLiga 23-24 - Estadísticas

Estadísticas generales
  • Esta prueba ha sido intentada 130 veces
  • La puntuación promedio es 15 de 20
Estadísticas de respuestas
Hint Respuesta % Correcto
1 Real Madrid
100%
2 Barcelona
99%
4 Atlético de Madrid
92%
3 Girona
92%
7 Real Betis
87%
5 Athletic Club
84%
6 Real Sociedad
83%
8 Villarreal
76%
9 Valencia
72%
18 Cádiz
67%
14 Sevilla
66%
19 Almería
65%
12 Getafe
65%
11 Osasuna
65%
20 Granada
64%
17 Rayo Vallecano
64%
13 Celta de Vigo
61%
10 Deportivo Alavés
61%
15 Mallorca
61%
16 Las Palmas
58%
No se encontraron pruebas coincidentes
Distribución de puntuación
Porcentaje de gente con cada puntuación
Porcentaje por número respondido
Historial de tus puntuaciones
No has intentado esta prueba.